000 00674nam a22001937a 4500
999 _c15508
_d15508
003 AR-CdUCM
008 190427b ||||| |||| 00| 0 spa d
040 _aMUNICIPALIDAD PROVINCIAL DEL CUSCO
_cBIBLIOTECA MUNICIPAL DEL CUSCO
082 _a869.26 /
_bW14 / 1919
100 _aWast, Hugo
_924614
245 _aLa casa de los cuervos /
260 _aLima :
_bLa prensa,
_c1919.
300 _a188 pƔginas ;
_c20 cm.
505 _aContenido: Don Serafin Aldabas -- Una voce poco fa -- La conspiración -- La levita de cullen -- En la tarde del baile ...
650 _aNovelas argentinas
_99625
650 _aSiglo XX.
_98
942 _2ddc
_cLIBROS
945 _aacv
_d2019-04-27